000 00374nam a22001457a 4500
008 250320b |||||||| |||| 00| 0 eng d
020 _a9781771721134
050 _aRT41
_b.C36
245 _aCanadian fundamentals of nursing
250 _a6th
260 _aU.S
_bElsevier
_c2019
300 _axxxiv,1502p
650 _aNursing- problems, exercise.
_vNursing care
942 _cBK
999 _c2568
_d2568